| 000 | 00952nam a22002897a 4500 | ||
|---|---|---|---|
| 001 | 5559 | ||
| 003 | FISKH | ||
| 005 | 20241217155051.0 | ||
| 008 | 241217b cb ||||| |||| 00| 0 eng d | ||
| 020 | _a9780531166758 | ||
| 040 |
_aFISKH _beng _cFISKH _dFISKH |
||
| 050 | _aQH541.F7 | ||
| 082 | _a577.6 | ||
| 100 | _aToupin, Laurie | ||
| 245 |
_aFreshwater habitats : _b life in freshwater Ecosystems / _cby Laurie Toupin |
||
| 260 |
_aNew York : _bFranklin Watts ; _c2004. |
||
| 300 |
_a63 pages : _bcolor illustrations ; _c24 cm . |
||
| 490 | _a Watts library | ||
| 505 | _aS | ||
| 520 | _aA look at the plants, animals, locations, and various habitats that make up the freshwater ecosystems of the world. | ||
| 521 | 8 |
_a790
_bLexile estimate |
|
| 521 | 8 |
_aS
_bRaz-Plus |
|
| 650 |
_aFreshwater ecology _vJuvenile literature |
||
| 650 |
_aFreshwater organisms _vJuvenile literature |
||
| 942 |
_2ddc _cBK _n0 |
||
| 999 |
_c5559 _d5559 |
||